Digital telephony / (Record no. 183677)
[ view plain ]
| 000 -LEADER | |
|---|---|
| fixed length control field | 01167 a2200241 4500 |
| 003 - CONTROL NUMBER IDENTIFIER | |
| control field | Nust |
| 005 - DATE AND TIME OF LATEST TRANSACTION | |
| control field | 20221223101231.0 |
| 010 ## - LIBRARY OF CONGRESS CONTROL NUMBER | |
| LC control number | 90037906 |
| 020 ## - INTERNATIONAL STANDARD BOOK NUMBER | |
| International Standard Book Number | 0471620564 |
| 040 ## - CATALOGING SOURCE | |
| Transcribing agency | Nust |
| 082 00 - DEWEY DECIMAL CLASSIFICATION NUMBER | |
| Classification number | 621.385,BEL |
| 100 1# - MAIN ENTRY--PERSONAL NAME | |
| Personal name | Bellamy, John, |
| 9 (RLIN) | 727 |
| 245 10 - TITLE STATEMENT | |
| Title | Digital telephony / |
| Statement of responsibility, etc. | John Bellamy. |
| 250 ## - EDITION STATEMENT | |
| Edition statement | 2nd ed. |
| 260 ## - PUBLICATION, DISTRIBUTION, ETC. | |
| Place of publication, distribution, etc. | New York : |
| Name of publisher, distributor, etc. | Wiley, |
| Date of publication, distribution, etc. | c1991. |
| 300 ## - PHYSICAL DESCRIPTION | |
| Extent | xix, 572 p. : |
| Other physical details | ill. ; |
| Dimensions | 25 cm. |
| 440 #0 - SERIES STATEMENT/ADDED ENTRY--TITLE | |
| Title | Wiley series in telecommunications |
| 9 (RLIN) | 98029 |
| 505 ## - FORMATTED CONTENTS NOTE | |
| Formatted contents note | Background and Terminology (Page-1), Why Digital (Page-75), Voice Digitization (Page-93), Digital Transmission and Multiplexing (Page-165), Digital Switching (Page-225), Digital Modulation and Radio Systems (Page-279), Network Synchronization Control and Management (Page-333),Fiber Optic Transmission Systems (Page-381), Data and Integrated Services Digital Networks (Page-431), Traffic Analysis (Page-459). |
| 650 #0 - SUBJECT ADDED ENTRY--TOPICAL TERM | |
| Topical term or geographic name entry element | Digital telephone systems. |
| 9 (RLIN) | 729 |
| 856 42 - ELECTRONIC LOCATION AND ACCESS | |
| Materials specified | Publisher description |
| Uniform Resource Identifier | <a href="http://www.loc.gov/catdir/enhancements/fy0607/90037906-d.html">http://www.loc.gov/catdir/enhancements/fy0607/90037906-d.html</a> |
| 856 42 - ELECTRONIC LOCATION AND ACCESS | |
| Materials specified | Table of contents only |
| Uniform Resource Identifier | <a href="http://www.loc.gov/catdir/enhancements/fy0607/90037906-t.html">http://www.loc.gov/catdir/enhancements/fy0607/90037906-t.html</a> |
| 942 ## - ADDED ENTRY ELEMENTS (KOHA) | |
| Source of classification or shelving scheme | |
| Koha item type | Book |
| Withdrawn status | Lost status | Source of classification or shelving scheme | Damaged status | Not for loan | Permanent Location | Current Location | Shelving location | Date acquired | Full call number | Barcode | Date last seen | Price effective from | Koha item type | Public note |
|---|---|---|---|---|---|---|---|---|---|---|---|---|---|---|
| Military College of Signals (MCS) | Military College of Signals (MCS) | General Stacks | 12/12/2016 | 621.385,BEL | MCS22640 | 12/08/2016 | 12/12/2016 | Book | Almirah No.39, Shelf No.3 |
